000 00409nam a22001457a 4500
005 20200619150017.0
008 200619b xxu||||| |||| 00| 0 eng d
082 _a345.4 LIC
110 _aALL INDIA REPORTER
_96233
245 _aLABOUR AND INDUSTRIAL CASES [1978] V-II NOTES OF CASES- 1-120
260 _aMUMBAI
_bALL INDIA REPORTER Pvt.Ltd.
_c1978p.
300 _a1792p.
650 _aLAW
_95701
942 _cJRL
999 _c7328
_d7326